| 000 | 02137cam a22005535i 4500 | ||
|---|---|---|---|
| 999 |
_c3915 _d3915 |
||
| 001 | 23896372 | ||
| 003 | OSt | ||
| 005 | 20241119154955.0 | ||
| 008 | 241018t20162016enka j 000 1 eng d | ||
| 010 | _a 2024404714 | ||
| 015 |
_aGBB690640 _2bnb |
||
| 020 |
_a9781408337783 _q(paperback) |
||
| 035 | _a(OCoLC)ocn972513913 | ||
| 040 |
_aNZALP _beng _erda _cNZALP _dOCLCO _dOCLCF _dT7B _dUKMGB _dNZLEP _dOCLCO _dOCLCQ _dOCLCO _dOV4 _dNZBAL _dOCLCQ _dIHX _dOCLCA _dUNITY _dOCLCO _dOCLCA _dOCLCQ _dOCLCL _dOCLCA _dOCLCQ _dOCLCO _dUKNYK _dDLC _dKH8 |
||
| 042 | _alccopycat | ||
| 082 | 0 | 4 | _aFIC PAC |
| 110 | 2 |
_aKnife & Packer (Writing team), _eauthor, _eillustrator. |
|
| 245 | 1 | 0 |
_aHappy Bethday! / _cby Knife & Packer. |
| 264 | 1 |
_aLondon : _bOrchard, _c2016. |
|
| 264 | 4 | _c©2016 | |
| 300 |
_a222 pages : _billustrations ; _c18 cm. |
||
| 336 |
_atext _btxt _2rdacontent |
||
| 336 |
_astill image _bsti _2rdacontent |
||
| 337 |
_aunmediated _bn _2rdamedia |
||
| 338 |
_avolume _bnc _2rdacarrier |
||
| 490 | 1 |
_aBadly drawn Beth ; _v3 |
|
| 520 | _aSo I'm being chased through the park by a pack of angry zombies, I've got cake mix on my face and MY MOST EMBARRASSING PHOTO EVER IS IN THE SCHOOL MAGAZINE! Beth Orsen is back for her third hilarious adventure. | ||
| 521 | _a8+. | ||
| 650 | 0 |
_aBirthday parties _vJuvenile fiction. |
|
| 650 | 0 |
_aSchools _vJuvenile fiction. |
|
| 650 | 0 |
_aFamilies _vJuvenile fiction. |
|
| 650 | 0 |
_aFriendship _vJuvenile fiction. |
|
| 650 | 7 |
_aBirthday parties _2fast |
|
| 650 | 7 |
_aFamilies _2fast |
|
| 650 | 7 |
_aFriendship _2fast |
|
| 650 | 7 |
_aSchools _2fast |
|
| 655 | 0 | _aChildren's stories. | |
| 655 | 7 |
_aFiction 7+. _2eflch |
|
| 655 | 7 |
_aGeneral. _2eflch |
|
| 655 | 7 |
_aFiction _2fast |
|
| 655 | 7 |
_aHumorous fiction _2fast |
|
| 655 | 7 |
_aJuvenile works _2fast |
|
| 655 | 7 |
_aHumorous fiction. _2lcgft |
|
| 655 | 7 |
_aFiction 7+. _2ukslc |
|
| 655 | 7 |
_aGeneral. _2ukslc |
|
| 758 |
_ihas work: _aHappy Bethday! (Text) _1https://id.oclc.org/worldcat/entity/E39PCGkxtmpxcvJH9jqfm4Qdcd _4https://id.oclc.org/worldcat/ontology/hasWork |
||
| 810 | 2 |
_aKnife & Packer (Writing team). _tBadly drawn Beth ; _v3. |
|
| 942 |
_2ddc _cFIC |
||